[Event "Wiesbaden op"]
[Site "Wiesbaden"]
[Date "2007.08.09"]
[Round "3"]
[White "Alicke, Manfred"]
[Black "Nauerth, Uwe"]
[Result "1/2-1/2"]
[WhiteElo "1870"]
[BlackElo "1665"]
[PlyCount "30"]
[EventDate "2007.08.02"]
[EventType "swiss"]
[EventRounds "7"]
[EventCountry "GER"]
[SourceTitle "EXT 2008"]
[Source "ChessBase"]
[SourceDate "2007.11.25"]
[SourceVersion "1"]
[SourceVersionDate "2007.11.25"]
[SourceQuality "1"]

1. d4 f5 2. Bg5 g6 3. c4 Bg7 4. Nf3 d6 5. Nc3 Nh6 6. h3 Nf7 7. Be3 0-0 8. Bg5 Nxg5 9. Nxg5 e5 10. Nf3 e4 11. Ng1 b6 12. e3 c5 13. Nge2 Nc6 14. dxc5 bxc5 15. Qd5+ Rf7 1/2-1/2

[Event "Wiesbaden op"]
[Site "Wiesbaden"]
[Date "2007.08.09"]
[Round "7"]
[White "Brandt, Michael"]
[Black "Nauerth, Uwe"]
[Result "1/2-1/2"]
[WhiteElo "1474"]
[BlackElo "1665"]
[PlyCount "75"]
[EventDate "2007.08.02"]
[EventType "swiss"]
[EventRounds "7"]
[EventCountry "GER"]
[SourceTitle "EXT 2008"]
[Source "ChessBase"]
[SourceDate "2007.11.25"]
[SourceVersion "1"]
[SourceVersionDate "2007.11.25"]
[SourceQuality "1"]

1. f4 f5 2. Nf3 Nf6 3. e3 g6 4. Bc4 Bg7 5. 0-0 e6 6. d3 a5 7. a3 0-0 8. Nc3 Na6 9. Qe1 Nc5 10. Bd2 b6 11. Rb1 Ba6 12. Bxa6 Nxa6 13. e4 fxe4 14. dxe4 Nh5 15. g3 d6 16. Nd1 Nf6 17. Bc3 Nc5 18. Nf2 Na4 19. Bd2 Qd7 20. b3 Nc5 21. Rd1 Qc6 22. Nd4 Qb7 23. e5 dxe5 24. fxe5 Nfe4 25. b4 Nxf2 26. Rxf2 Rxf2 27. Kxf2 Ne4+ 28. Kg1 Bxe5 29. Nxe6 Re8 30. Nf4 Nc3 31. Bxc3 Bd4+ 32. Bxd4 Rxe1+ 33. Rxe1 Qf3 34. c3 axb4 35. axb4 c5 36. bxc5 bxc5 37. Bxc5 Qxc3 38. Bf2 1/2-1/2

[Event "Wiesbaden op"]
[Site "Wiesbaden"]
[Date "2007.08.02"]
[Round "1"]
[White "Nauerth, Uwe"]
[Black "Meyer, Stefan"]
[Result "0-1"]
[WhiteElo "1665"]
[BlackElo "2111"]
[PlyCount "40"]
[EventDate "2007.08.02"]
[EventType "swiss"]
[EventRounds "7"]
[EventCountry "GER"]
[SourceTitle "EXT 2008"]
[Source "ChessBase"]
[SourceDate "2007.11.25"]
[SourceVersion "1"]
[SourceVersionDate "2007.11.25"]
[SourceQuality "1"]

1. Nf3 e6 2. g3 f5 3. Bg2 Nf6 4. c4 c6 5. a3 d5 6. b3 a5 7. 0-0 a4 8. bxa4 Qa5 9. cxd5 exd5 10. Nc3 Be7 11. Nd4 Ne4 12. Qc2 Nxc3 13. Qxc3 Qxc3 14. dxc3 0-0 15. Bf4 Na6 16. Nb3 Nc5 17. Nxc5 Bxc5 18. Rfc1 Rxa4 19. h3 Be6 20. Rcb1 b5 0-1